100 joueurs sénégalais avec la plus grosse valeur marchande - Statistiques

Statistiques générales
  • Ce quiz a été pris 142 fois
  • Le résultat moyen est 40 sur 100
Statistiques - réponses
Club Prix Réponse % Correct
Al-Nassr 25 millions Sadio Mané
99%
Tottenham 35 millions Pape Matar Sarr
94%
Olympique De Marseille 20 millions Ismaïla Sarr
91%
Bayern Munich 2 milions Bouna Sarr
90%
Salernitana 22 millions Boulaye Dia
89%
Al-Ahli 10 millions Edouard Mendy
87%
Olympique De Marseille 18 millions Iliman Ndiaye
87%
Al-Markhiya 1 millions Naby Sarr
87%
ESTAC Troyes 3 millions Abdoulaye Ndiaye
86%
Etoile Rouge de Belgrade 3,5 million Cherif Ndiaye
86%
Le Havre AC 4 millions Rassoul Ndiaye
86%
Lorient 5 millions Formose Mendy
85%
FK Cukaricki 900k Ibrahima Ndiaye
85%
Al-Hilal 12 millions Kalidou Koulibaly
85%
RSC Anderlecht 2,5 millions Moussa N'Diaye
85%
RC Lens 2,5 millions Nampalys Mendy
85%
(sans club) 600k Alfred N'Diaye
84%
RCD Mallorca 1,5 millions Amath Ndiaye
84%
Adana Demirspor 1,2 millions Badou Ndiaye
84%
Estoril Praia 850k Mor Ndiaye
84%
Olympique De Marseille 10 millions Pape Gueye
82%
Chelsea 35 millions Nicolas Jackson
81%
Everton 5 millions Idrissa Gueye
79%
Paris FC 800k Lamine Gueye
77%
RWD Molenbeek 1,8 millions Makhtar Gueye
77%
AS Monaco 13 millios Krépin Diatta
75%
Al-Shabab 14 millions Habib Diallo
74%
Al-Arabi 10 millions Abdou Diallo
73%
FC Metz 800k Lamine Camara
69%
Pau FC 800k Bingourou Kamara
68%
Lorient 8 millions Bamba Dieng
64%
Nottingham Forest 18 millions Moussa Niakhaté
61%
Istanbul Basaksehir 3,1 millions Ousseynou Ba
59%
Nottingham Forest 2 milions Cheikhou Kouyaté
56%
Middlesbrough 2 milions Seny Dieng
56%
Rayo Vallecano 3 millions Pathé Ciss
55%
AS Monaco 6 millions Ismail Jakobs
50%
FC Barcelone 1,5 millions Mikayil Faye
46%
Betis Seville 5 millions Youssouf Sabaly
46%
FC Metz 1,5 millions Cheikh Sabaly
45%
Fulham 3,5 millions Fodé Ballo-Touré
43%
Viking FK 700k Djibril Diop
39%
ESTAC Troyes 700k Mouhamed Diop
39%
(sans club) 800k Pape Cheick Diop
39%
Clermont Foot 2 milions Mory Diaw
38%
Maccabi Haifa 1,5 millions Abdoulaye Seck
37%
Adana Demirspor 2,7 millions M'Baye Niang
37%
Torino 2,7 millions Demba Seck
36%
Adana Demirspor 3,7 millions Pape Abou Cissé
36%
Lorient 2 milions Alfred Gomis
35%
Aris Limassol 650k Yannick Gomis
35%
Almeria 6 millions Dion Lopy
34%
Cadiz CF 700k Momo Mbaye
31%
Al-Qadsiah 2 milions Mbaye Diagne
29%
Glasgow Rangers 6 millions Abdallah Sima
27%
OGC Nice 1,2 millions Aliou Baldé
27%
Espanyol Barcelone 2 milions Keita Baldé
27%
Grenoble Foot 1 millions Mamadou Diarra
24%
Kasimpasa 1,6 millions Mamadou Fall
24%
Anorthosis Famagouste 800k Moussa Wagué
23%
Palerme FC 1,3 millions Mamadou Coulibaly
21%
Le Havre AC 8 millions Arouna Sangante
18%
FC Nantes 1,8 millions Lamine Diack
18%
Pafos FC 1,5 millions Moustapha Name
16%
KAA La Gantoise 1,2 millions Noah Fadiga
16%
Al-Arabi(Koweit) 700k Mamadou Thiam
14%
Kayserispor 2,6 millions Mame Thiam
14%
EA Guingamp 900k Abdallah Ndour
13%
Al-Arabi 600k Ablaye Mbengue
13%
Zulte Waregem 900k Alioune Ndour
13%
Reading 800k Amadou Salif Mbengue
13%
Angers SCO 2 milions Ibrahima Niane
13%
Lausanne Sport 1 millions Kaly Sène
13%
Ordabasy Shymkent 600k Mamadou Mbodj
11%
Real Valladolid 1 millions Mamadou Sylla
11%
Al-Raed 2,5 millions Mamadou Loum
10%
Istanbulspor 1,9 millions Alassane Ndao
8%
Young Boys Berne 2,8 millions Cheikh Niasse
7%
FC Barcelone 2 milions Mamadou Mbacke
7%
(sans club) 1 millions Sada Thioub
7%
Girondins De Bordeaux 1,5 millions Aliou Badji
6%
EA Guingamp 800k Amadou Sagna
6%
Wydad Casablanca 800k Bouly Junior Sambou
6%
Quevilly-Rouen 800k Sambou Soumano
6%
RSC Charleroi 1,5 millions Youssouph Badji
6%
AS Saint-Etienne 1,2 millions Ibrahima Wadji
5%
LASK Linz 1 millions Moussa Koné
5%
(sans club) 1,5 millions Opa Nguette
4%
AJ Auxerre 900k Assane Dioussé
3%
Le Havre AC 1 millions Issa Soumaré
3%
Pendikspor 850k Khadim Rassoul
3%
Bandirmaspor 1,4 millions Moussa Djitté
3%
Gaziantep FK 750k Papy Djilobodji
3%
Quevilly-Rouen 1 millions Papa Ndiaga Yade
2%
Istanbul Basaksehir 1,7 millions Philippe Keny
2%
Partizan Belgrade 800k Franck Kanouté
1%
Zulte Waregem 1 millions Modou Tambedou
1%
Anorthosis Famagouste 700k Ousseynou Thioune
1%
Atlanta United 600k Jamal Thiaré
0%
CS Maritimo 700k Yves Baraye
0%
Aucun quiz correspondant
Distribution des résultats
% des personnes avec chaque résultat
Percentile par nombre de réponses
Votre historique - résultats
Vous n’avez pas pris ce quiz